[Event "1. Wittelsbacher Weihnachts-Schach-Open"]
[Site "Kelheim"]
[Date "2012.12.27"]
[Round "2.34"]
[White "Zankl, Stephan"]
[Black "Barani, Christian"]
[Result "1-0"]
[WhiteElo "1596"]
[BlackElo "1150"]
[PlyCount "49"]
[EventDate "2012.??.??"]
[WhiteTeam "TSV Nittenau"]
[BlackTeam "SC Bechhofen 1923 e.V."]

1. d4 Nf6 2. c4 Nc6 3. Nf3 d6 4. h3 Bf5 5. Nc3 e5 6. d5 Ne7 7. Nh4 Ne4 8. Nxf5
Nxc3 9. Nxd6+ cxd6 10. bxc3 Rc8 11. Qb3 b6 12. e4 f5 13. exf5 Nxf5 14. Bd3 g6
15. a4 Qc7 16. Bd2 Bg7 17. a5 Kf7 18. axb6 Qxb6 19. Qa4 Rc7 20. g4 Rb8 21. gxf5
Qb2 22. fxg6+ hxg6 23. Ra2 Qb7 24. O-O Re8 25. Bxg6+ 1-0

[Event "1. Wittelsbacher Weihnachts-Schach-Open"]
[Site "Kelheim"]
[Date "2012.12.27"]
[Round "2.35"]
[White "Rösch, Maximilian"]
[Black "Glück, Ulrich"]
[Result "1-0"]
[WhiteElo "1086"]
[BlackElo "1748"]
[PlyCount "97"]
[EventDate "2012.??.??"]
[WhiteTeam "SK Kelheim 1920"]
[BlackTeam "MSA Zugzwang 82 e.V."]

1. e4 c5 2. Nf3 e6 3. d4 cxd4 4. Nxd4 Nc6 5. Be3 a6 6. a3 b5 7. Nxc6 dxc6 8.
Qxd8+ Kxd8 9. Nd2 Nf6 10. Rd1 Be7 11. Bb6+ Ke8 12. b4 Rb8 13. Bd4 Rg8 14. c4
Nd7 15. c5 e5 16. Be3 Nf8 17. Be2 Be6 18. O-O Ra8 19. Ra1 Nd7 20. a4 Nb8 21.
axb5 cxb5 22. Bxb5+ Kf8 23. Rfd1 f6 24. Bc4 Kf7 25. Bxe6+ Kxe6 26. Nc4 Rd8 27.
Rxd8 Bxd8 28. b5 a5 29. c6 a4 30. Rd1 Bc7 31. Bc5 Nxc6 32. bxc6 Ra6 33. Ne3
Rxc6 34. Ba3 Rc3 35. Bb4 Rb3 36. Nc2 Rb2 37. Rc1 Bd6 38. Bxd6 Kxd6 39. Na3 Ra2
40. Nc4+ Ke6 41. Kf1 a3 42. g3 g6 43. Kg2 f5 44. exf5+ gxf5 45. Rc3 e4 46. Rxa3
Rc2 47. Ra6+ Ke7 48. Ne3 Rc5 49. Rh6 1-0

[Event "1. Wittelsbacher Weihnachts-Schach-Open"]
[Site "Kelheim"]
[Date "2012.12.27"]
[Round "2.36"]
[White "Häusler, Florian"]
[Black "Mühlich, Cornelius"]
[Result "1-0"]
[WhiteElo "1514"]
[BlackElo "1073"]
[PlyCount "65"]
[EventDate "2012.??.??"]
[WhiteTeam "TSV Kareth-Lappersdorf"]
[BlackTeam "SK Kelheim 1920"]

1. e4 c6 2. d4 d5 3. exd5 cxd5 4. c4 Nf6 5. Nc3 Nc6 6. Nf3 e6 7. Be2 Be7 8. O-O
O-O 9. Bf4 Nh5 10. Be3 Nf6 11. a3 Na5 12. c5 Nc6 13. b4 a6 14. Na4 Nd7 15. Bd3
b5 16. cxb6 Nxb6 17. Nc5 Nd7 18. Qe2 Nxc5 19. bxc5 Bf6 20. Rab1 a5 21. Rb6 Bd7
22. Rfb1 Rc8 23. Ba6 Ra8 24. Bb7 Rb8 25. Bxc6 Rxb6 26. Rxb6 Bxc6 27. Rxc6 Re8
28. Qd2 e5 29. dxe5 Bxe5 30. Nxe5 Rxe5 31. Rd6 Qa8 32. h3 Qb7 33. Rd8+ 1-0

[Event "1. Wittelsbacher Weihnachts-Schach-Open"]
[Site "Kelheim"]
[Date "2012.12.27"]
[Round "2.37"]
[White "Adlhoch, Walter"]
[Black "Tautz, Helmut"]
[Result "0-1"]
[WhiteElo "1271"]
[BlackElo "1499"]
[PlyCount "58"]
[EventDate "2012.??.??"]
[WhiteTeam "SK Schwandorf"]
[BlackTeam "SK Kelheim 1920"]

1. c4 g6 2. g3 Nf6 3. Bg2 Bg7 4. Nc3 c6 5. e4 d6 6. Nge2 Nbd7 7. O-O Ne5 8. d4
Bg4 9. h3 Bf3 10. Bf4 Bxg2 11. Kxg2 Nh5 12. Bxe5 Bxe5 13. f4 Bg7 14. g4 Nf6 15.
e5 dxe5 16. fxe5 Nd7 17. e6 fxe6 18. Nf4 Nf8 19. Qf3 e5 20. Nxg6 Nxg6 21. Qf7+
Kd7 22. Qxg7 Qb6 23. b3 Nf4+ 24. Kf3 Raf8 25. Ke4 Qxd4+ 26. Kf3 Ne6+ 27. Qxf8
Rxf8+ 28. Kg2 Rxf1 29. Rxf1 Qxc3 0-1

[Event "1. Wittelsbacher Weihnachts-Schach-Open"]
[Site "Kelheim"]
[Date "2012.12.27"]
[Round "2.38"]
[White "Fischer, Wolfgang"]
[Black "Hauenstein, Luis"]
[Result "1-0"]
[WhiteElo "1474"]
[BlackElo "998"]
[PlyCount "43"]
[EventDate "2012.??.??"]
[WhiteTeam "SF Tegernheim"]
[BlackTeam "SC Bechhofen 1923 e.V."]

1. e4 e5 2. Nf3 Nc6 3. Bb5 a6 4. Ba4 Nf6 5. O-O Bc5 6. c3 b5 7. Bb3 O-O 8. d4
exd4 9. cxd4 Bd6 10. e5 Bb4 11. exf6 Qxf6 12. Nc3 Bxc3 13. bxc3 Qf5 14. Re1 d5
15. Ne5 Qe6 16. Bb2 f6 17. Ng6 Qxe1+ 18. Qxe1 hxg6 19. Bxd5+ Kh8 20. Bxc6 Rb8
21. Qe4 Bf5 22. Qh4+ 1-0

[Event "1. Wittelsbacher Weihnachts-Schach-Open"]
[Site "Kelheim"]
[Date "2012.12.27"]
[Round "2.39"]
[White "Schindler, Tobias"]
[Black "Thamm, Felix"]
[Result "1-0"]
[WhiteElo "1465"]
[BlackElo "810"]
[PlyCount "121"]
[EventDate "2012.??.??"]
[WhiteTeam "SK Kelheim 1920"]
[BlackTeam "SF Tegernheim"]

1. c4 c5 2. g3 Nc6 3. Nc3 g6 4. Bg2 Bg7 5. Nf3 Nf6 6. d4 Qb6 7. Na4 Qb4+ 8. Bd2
Qxc4 9. dxc5 Ne4 10. b3 Qb5 11. Rc1 Nxd2 12. Qxd2 Qb4 13. Rd1 Qxd2+ 14. Rxd2 b6
15. cxb6 axb6 16. Nxb6 Ra6 17. Na4 Rxa4 18. bxa4 Bc3 19. O-O Bxd2 20. Nxd2 O-O
21. Nb3 Nb4 22. a3 Na6 23. Rc1 e6 24. e3 d5 25. Bf1 Bb7 26. Nc5 Nxc5 27. Rxc5
Rc8 28. Rxc8+ Bxc8 29. Bb5 f6 30. Kf1 Kf8 31. Ke2 Ke7 32. Kd3 Kd6 33. Kc3 Kc5
34. Be8 Ba6 35. Bd7 e5 36. Bb5 Bb7 37. Bd7 Ba6 38. a5 g5 39. Be8 h6 40. Bd7 d4+
41. exd4+ exd4+ 42. Kd2 Kd5 43. a4 Bb7 44. Kd3 Kd6 45. Be8 Ke7 46. Bb5 Kd6 47.
Kxd4 Ba8 48. a6 Bd5 49. a5 Ba8 50. Bd3 Kc6 51. Be4+ Kd6 52. Bxa8 Kc7 53. a7 Kc8
54. Bh1 Kc7 55. a8=Q Kd6 56. Qa6+ Ke7 57. Bd5 f5 58. Qe6+ Kd8 59. Kc5 f4 60.
Kc6 fxg3 61. Qd7# 1-0

[Event "1. Wittelsbacher Weihnachts-Schach-Open"]
[Site "Kelheim"]
[Date "2012.12.27"]
[Round "2.40"]
[White "Böse, Carolin"]
[Black "Gebhardt, Lukas"]
[Result "0-1"]
[WhiteElo "1179"]
[BlackElo "1443"]
[PlyCount "80"]
[EventDate "2012.??.??"]
[WhiteTeam "SC Bechhofen 1923 e.V."]
[BlackTeam "SK Kelheim 1920"]

1. e4 g6 2. Nf3 Bg7 3. e5 d6 4. exd6 cxd6 5. d4 Nc6 6. c3 Nf6 7. Bc4 O-O 8. O-O
Bg4 9. Qd3 a6 10. Bf4 Rc8 11. Nbd2 Bf5 12. Qe2 b5 13. Bd3 Bxd3 14. Qxd3 Nd5 15.
Bg5 h6 16. Bh4 Nf4 17. Qe3 g5 18. Bg3 Ng6 19. Qe4 e5 20. d5 Na5 21. Rac1 Nc4
22. b3 Nxd2 23. Nxd2 f5 24. Qc2 Ne7 25. f3 Nxd5 26. Qd3 Ne7 27. c4 b4 28. Rfe1
f4 29. Bf2 d5 30. cxd5 Qxd5 31. Qxd5+ Nxd5 32. Nc4 Nc3 33. Nxe5 Bxe5 34. Rxe5
Ne2+ 35. Rxe2 Rxc1+ 36. Be1 Rfc8 37. Kf1 Kf7 38. g3 Re8 39. Rxe8 Kxe8 40. gxf4
gxf4 0-1

[Event "1. Wittelsbacher Weihnachts-Schach-Open"]
[Site "Kelheim"]
[Date "2012.12.27"]
[Round "2.41"]
[White "Schwab, Leon"]
[Black "Reinfelder, Fabian"]
[Result "0-1"]
[WhiteElo "1015"]
[BlackElo "1433"]
[PlyCount "132"]
[EventDate "2012.??.??"]
[WhiteTeam "SK Kelheim 1920"]
[BlackTeam "SG Siemens Amberg"]

1. d4 Nf6 2. Nf3 g6 3. Bf4 d5 4. c4 Bg7 5. Qd2 O-O 6. Bh6 b6 7. Bxg7 Kxg7 8. e3
Bb7 9. Be2 Nbd7 10. O-O Ne4 11. Qd1 Ndf6 12. Nc3 Nxc3 13. bxc3 Ne4 14. Qc2 c6
15. Nd2 Nxd2 16. Qxd2 Rc8 17. Rab1 Qd6 18. c5 Qc7 19. cxb6 axb6 20. Rb3 b5 21.
Rfb1 Ra8 22. c4 dxc4 23. Bxc4 Ra4 24. Bd3 Rfa8 25. R1b2 Bc8 26. Rc3 Qb7 27. Be4
Bd7 28. Rbc2 Rc8 29. h3 e5 30. Rd3 Be6 31. Rdc3 exd4 32. exd4 Rc4 33. a3 Qa7
34. Qd3 Rxd4 35. Qf3 Rc4 36. Bxc6 R8xc6 37. Rxc4 Rxc4 38. Rb2 Qa4 39. Qe3 Qd1+
40. Kh2 Qd6+ 41. Kh1 Qc5 42. Rb1 Qxe3 43. fxe3 Rc3 44. Rxb5 Rxa3 45. e4 Re3 46.
e5 g5 47. Kh2 h5 48. Kg1 Re2 49. Rc5 Kg6 50. Kf1 Re4 51. Ra5 Kf5 52. Ra3 Rxe5
53. Kf2 Kg6 54. Ra6 f5 55. Kf3 g4+ 56. Kg3 Kg5 57. h4+ Kf6 58. Kf4 Re4+ 59. Kg3
Re3+ 60. Kf2 f4 61. Rb6 g3+ 62. Kf1 Kf5 63. Rb5+ Kf6 64. Rb6 Ke5 65. Rb5+ Kd6
66. Rxh5 Bc4+ 0-1

[Event "1. Wittelsbacher Weihnachts-Schach-Open"]
[Site "Kelheim"]
[Date "2012.12.27"]
[Round "2.42"]
[White "Pritschet, Lena"]
[Black "Eremenko, Dimitry"]
[Result "0-1"]
[WhiteElo "954"]
[BlackElo "1382"]
[PlyCount "62"]
[EventDate "2012.??.??"]
[WhiteTeam "SK Kelheim 1920"]
[BlackTeam "MTV Ingolstadt"]

1. e4 c5 2. d4 cxd4 3. Qxd4 Nc6 4. Qa4 e6 5. c3 a6 6. Nf3 Qc7 7. Na3 Nf6 8. Bg5
Rb8 9. e5 Nxe5 10. Nxe5 Qxe5+ 11. Be3 b5 12. Qf4 Qxf4 13. Bxf4 d6 14. Bd3 Be7
15. c4 bxc4 16. Nxc4 e5 17. Bd2 O-O 18. Ba5 Be6 19. Bc7 Bxc4 20. Bxc4 Rxb2 21.
Bxa6 Ra8 22. Bc4 Rc2 23. Rb1 Rxc4 24. Rb8+ Rxb8 25. Bxb8 Rc1+ 26. Kd2 Rxh1 27.
Bc7 Rxh2 28. a4 Ne4+ 29. Ke3 Nc5 30. a5 f5 31. Bb6 Rh1 0-1

[Event "1. Wittelsbacher Weihnachts-Schach-Open"]
[Site "Kelheim"]
[Date "2012.12.27"]
[Round "3.1"]
[White "Pezerovic, Edin"]
[Black "Eibl, Maximilian"]
[Result "1-0"]
[WhiteElo "2442"]
[BlackElo "2137"]
[PlyCount "65"]
[EventDate "2012.??.??"]
[WhiteTeam "Münchener SC 1836 e.V."]
[BlackTeam "SK Kelheim 1920"]

1. d4 Nf6 2. Nf3 c5 3. c3 b6 4. Bg5 Ne4 5. Bf4 Bb7 6. e3 d6 7. Bc4 e6 8. Nbd2
Be7 9. Bb5+ Kf8 10. Nxe4 Bxe4 11. Bd3 Bxd3 12. Qxd3 Nd7 13. Rd1 cxd4 14. Nxd4
Nc5 15. Qe2 Qd7 16. Nf3 Qc6 17. O-O Rd8 18. Nd4 Qb7 19. Bg3 a6 20. f3 b5 21. e4
g6 22. Rde1 Kg7 23. f4 d5 24. f5 Nxe4 25. Be5+ Bf6 26. Bxf6+ Nxf6 27. fxe6 Qe7
28. Qe5 Rhf8 29. Nc6 Qxe6 30. Qxe6 fxe6 31. Nxd8 Rxd8 32. Rxe6 Ne4 33. Rxa6 1-0

[Event "1. Wittelsbacher Weihnachts-Schach-Open"]
[Site "Kelheim"]
[Date "2012.12.27"]
[Round "3.2"]
[White "Kreuzer, Helmut"]
[Black "Berchtenbreiter, Maximilian"]
[Result "1/2-1/2"]
[WhiteElo "2132"]
[BlackElo "2360"]
[PlyCount "58"]
[EventDate "2012.??.??"]
[WhiteTeam "SK Kelheim 1920"]
[BlackTeam "SGem Pang/Rosenheim"]

1. d4 Nf6 2. c4 a6 3. g3 c5 4. Nf3 b5 5. dxc5 e6 6. Be3 Bb7 7. Nbd2 Ng4 8. Qb3
Nc6 9. cxb5 axb5 10. a3 Na5 11. Qxb5 Nxe3 12. fxe3 g5 13. b4 Bc6 14. Qd3 g4 15.
bxa5 gxf3 16. exf3 Qxa5 17. Kf2 Qxc5 18. Nb3 Qh5 19. Nd4 Bd5 20. Be2 Bg7 21. a4
O-O 22. h4 Bb7 23. Qb5 Bd5 24. Qxd7 Rfd8 25. Qe7 e5 26. Nb5 Bxf3 27. Bxf3 Rd2+
28. Ke1 Qxf3 29. Kxd2 Qg2+ 1/2-1/2

[Event "1. Wittelsbacher Weihnachts-Schach-Open"]
[Site "Kelheim"]
[Date "2012.12.27"]
[Round "3.3"]
[White "Kantans, Toms"]
[Black "Strobel, Christian"]
[Result "1-0"]
[WhiteElo "2355"]
[BlackElo "2068"]
[PlyCount "65"]
[EventDate "2012.??.??"]
[BlackTeam "TSV Kareth-Lappersdorf"]

1. e4 e6 2. c4 d5 3. exd5 exd5 4. cxd5 Nf6 5. Nc3 Nxd5 6. Nf3 Be7 7. d4 O-O 8.
Bd3 Bf6 9. O-O Bg4 10. h3 Bh5 11. Bxh7+ Kh8 12. Be4 c6 13. Qb3 Nb6 14. a4 Bxf3
15. Bxf3 Qxd4 16. a5 Qc4 17. Qa3 N6d7 18. Ne4 Na6 19. Rd1 Ne5 20. Nxf6 gxf6 21.
Qe3 Qh4 22. Be2 Rfe8 23. Rd4 Qh7 24. Qf4 Re6 25. Bg4 Nxg4 26. Qxg4 Rg8 27. Qf3
Nc7 28. Raa4 Kg7 29. Rh4 Qb1 30. Rag4+ Kf8 31. Qa3+ Re7 32. Rxg8+ Kxg8 33. Qg3+
1-0

[Event "1. Wittelsbacher Weihnachts-Schach-Open"]
[Site "Kelheim"]
[Date "2012.12.27"]
[Round "3.4"]
[White "Stöckl, Stephan"]
[Black "Meskovs, Nikita"]
[Result "0-1"]
[WhiteElo "2126"]
[BlackElo "2314"]
[PlyCount "126"]
[EventDate "2012.??.??"]
[WhiteTeam "SK Schwandorf"]

1. Nf3 g6 2. c4 Bg7 3. g3 Nc6 4. Bg2 e5 5. Nc3 Nge7 6. O-O O-O 7. d3 d6 8. Rb1
a5 9. a3 Nd4 10. e3 Ne6 11. b4 axb4 12. axb4 d5 13. Nxd5 Nxd5 14. cxd5 Qxd5 15.
Bb2 Qd6 16. Qb3 c6 17. Rfd1 Nc7 18. d4 e4 19. Ng5 Qd5 20. Qxd5 cxd5 21. Rdc1
Na6 22. Bc3 h6 23. Nh3 g5 24. b5 Nb8 25. Bb4 Re8 26. Rc7 b6 27. Kf1 Bd7 28. Bd2
Bf8 29. Ng1 Bd6 30. Rc2 f5 31. Ne2 Be6 32. Bb4 Bxb4 33. Rxb4 Ra1+ 34. Rc1 Rxc1+
35. Nxc1 Nd7 36. Ke1 Nf6 37. Ra4 Rc8 38. Ra1 Rc2 39. h3 Nh5 40. Bf1 f4 41. exf4
gxf4 42. g4 Nf6 43. Be2 f3 44. Bd1 Rc4 45. Nb3 Rb4 46. Kd2 Rxb5 47. Ke3 h5 48.
g5 Nd7 49. h4 Nf8 50. Ra8 Kf7 51. Nd2 Ra5 52. Rb8 Ra1 53. Bxf3 Ra3+ 54. Kf4
Ng6+ 55. Kg3 exf3 56. Rxb6 Ne7 57. Kf4 Bg4 58. Nb3 Ra2 59. Rf6+ Kg7 60. Nc5
Rxf2 61. Nd3 Re2 62. Ne5 Re4+ 63. Kg3 Nf5+ 0-1

[Event "1. Wittelsbacher Weihnachts-Schach-Open"]
[Site "Kelheim"]
[Date "2012.12.27"]
[Round "3.5"]
[White "Maier, Alexander"]
[Black "Maurer, Heinrich"]
[Result "1-0"]
[WhiteElo "2306"]
[BlackElo "2131"]
[PlyCount "117"]
[EventDate "2012.??.??"]
[WhiteTeam "SK Ingolstadt"]
[BlackTeam "SK Kelheim 1920"]

1. e4 c5 2. Nf3 e6 3. b3 d6 4. d4 cxd4 5. Nxd4 Nf6 6. Bd3 Nc6 7. Nxc6 bxc6 8.
O-O e5 9. c4 Be7 10. Nc3 O-O 11. Bc2 g6 12. Bh6 Re8 13. h3 Nh5 14. Bc1 Nf4 15.
Ne2 Ne6 16. Be3 Bg5 17. Qd2 Bxe3 18. fxe3 Qe7 19. Rad1 Rd8 20. Qa5 Qc7 21. Qe1
Qe7 22. Nc3 Ng7 23. Bd3 Qg5 24. Rf3 Be6 25. Kh2 h5 26. Rf2 h4 27. Rdd2 Rf8 28.
Bf1 Ne8 29. b4 f5 30. exf5 gxf5 31. b5 c5 32. Nd5 Bxd5 33. Rxd5 f4 34. exf4
Rxf4 35. Kg1 Rf6 36. Rfd2 Rb8 37. R5d3 e4 38. Re3 Re6 39. Rf2 Qe5 40. g4 hxg3
41. Rg2 Rb7 42. Qxg3+ Qxg3 43. Rgxg3+ Ng7 44. Rg4 Ree7 45. Bg2 Kf8 46. Rgxe4
Rxe4 47. Rxe4 Rf7 48. a4 Ne8 49. a5 d5 50. Re5 dxc4 51. Rxc5 Rc7 52. Rxc7 Nxc7
53. b6 axb6 54. axb6 Na6 55. Kf2 Ke7 56. Ke3 c3 57. Kd3 Ke6 58. Kc2 Kd6 59. h4
1-0

[Event "1. Wittelsbacher Weihnachts-Schach-Open"]
[Site "Kelheim"]
[Date "2012.12.27"]
[Round "3.6"]
[White "Seidenschwarz, Holger"]
[Black "Promyshlyanskyy, Vitaliy"]
[Result "0-1"]
[WhiteElo "1989"]
[BlackElo "2237"]
[PlyCount "64"]
[EventDate "2012.??.??"]
[WhiteTeam "SC 1947 Beilngries"]
[BlackTeam "SC Noris-Tarrasch Nürnberg 1873"]

1. e4 e5 2. Nf3 Nc6 3. Bb5 a6 4. Bxc6 dxc6 5. O-O Bd6 6. d4 exd4 7. Qxd4 f6 8.
Be3 Ne7 9. Nbd2 Be6 10. Qc3 Ng6 11. Rad1 Qe7 12. Nd4 Bb4 13. Qd3 O-O-O 14. Nxc6
bxc6 15. Qxa6+ Kd7 16. Nc4+ Ke8 17. Qxc6+ Kf7 18. f4 Rxd1 19. Rxd1 Rd8 20. Rf1
Qd7 21. Qa6 Qc8 22. Qc6 Ne7 23. Qb5 Qb8 24. Qa6 Qa8 25. Ne5+ fxe5 26. fxe5+ Ke8
27. Qxe6 Qxe4 28. Qf7+ Kd7 29. Rd1+ Kc6 30. Qe6+ Kb7 31. Rf1 Qxe3+ 32. Kh1 Qe2
0-1

[Event "1. Wittelsbacher Weihnachts-Schach-Open"]
[Site "Kelheim"]
[Date "2012.12.27"]
[Round "3.7"]
[White "Watzenberger, Stefan"]
[Black "Kunz, Konstantin"]
[Result "1-0"]
[WhiteElo "1898"]
[BlackElo "2228"]
[PlyCount "113"]
[EventDate "2012.??.??"]
[WhiteTeam "SC Sendling e.V."]
[BlackTeam "SC Kitzingen von 1905"]

1. e4 c5 2. Nf3 e6 3. d4 cxd4 4. Nxd4 a6 5. Nc3 b5 6. g3 Bb7 7. Bg2 h5 8. O-O
h4 9. Be3 d6 10. a4 b4 11. Na2 Nf6 12. Qd3 d5 13. Bg5 hxg3 14. hxg3 dxe4 15.
Bxf6 Qxf6 16. Bxe4 Qh6 17. Kg2 Qh3+ 18. Kf3 Qh5+ 19. Kg2 Qh2+ 20. Kf3 Nd7 21.
Ke2 Nc5 22. Bxb7 Nxd3 23. Bc6+ Ke7 24. Bxa8 Nxf2 25. Rxf2 Qh5+ 26. Kd3 Qg6+ 27.
Be4 f5 28. Bb7 Qxg3+ 29. Rf3 Qd6 30. Re1 e5 31. Rxe5+ Qxe5 32. Nc6+ Kf6 33.
Nxe5 Kxe5 34. Bxa6 g5 35. Bc8 f4 36. c3 b3 37. Nc1 Bc5 38. Bh3 Rb8 39. Kc4 Be3
40. Nxb3 Ke4 41. Bg4 Rh8 42. Rh3 Rxh3 43. Bxh3 f3 44. Nd4 Kf4 45. Nxf3 Kxf3 46.
Kd5 Ke2 47. b4 Kd3 48. c4 Kc3 49. b5 Kb4 50. Bd7 Kxa4 51. b6+ Ka5 52. c5 Bf4
53. Kc6 Kb4 54. Be6 Be5 55. Kd5 Bf4 56. c6 Kb5 57. c7 1-0

[Event "1. Wittelsbacher Weihnachts-Schach-Open"]
[Site "Kelheim"]
[Date "2012.12.27"]
[Round "3.9"]
[White "Gießmann, Stephan"]
[Black "Kaiser, Dominik"]
[Result "1/2-1/2"]
[WhiteElo "2245"]
[BlackElo "1801"]
[PlyCount "36"]
[EventDate "2012.??.??"]
[WhiteTeam "SK Kelheim 1920"]
[BlackTeam "TSV Kareth-Lappersdorf"]

1. d4 d5 2. c4 e6 3. Nc3 Nf6 4. Bg5 Nbd7 5. e3 c6 6. cxd5 exd5 7. Bd3 Be7 8.
Qc2 O-O 9. Nf3 c5 10. dxc5 Nxc5 11. O-O Bg4 12. Bxf6 Bxf6 13. Bxh7+ Kh8 14. Bf5
Bxf3 15. gxf3 Bxc3 16. Qxc3 Qg5+ 17. Bg4 Ne4 18. h4 Qxh4 1/2-1/2

[Event "1. Wittelsbacher Weihnachts-Schach-Open"]
[Site "Kelheim"]
[Date "2012.12.27"]
[Round "3.10"]
[White "Fernandez-Garcia, Relman"]
[Black "Miethaner, Ulrich"]
[Result "1-0"]
[WhiteElo "2067"]
[BlackElo "1720"]
[PlyCount "61"]
[EventDate "2012.??.??"]
[WhiteTeam "SG Schwabing München Nord e.V."]
[BlackTeam "SC Bavaria Regensb.1881"]

1. e4 d5 2. e5 c5 3. c3 Nc6 4. d4 cxd4 5. cxd4 Bf5 6. Bd3 Bxd3 7. Qxd3 e6 8.
Nf3 Nge7 9. O-O Nf5 10. Nc3 Be7 11. Be3 O-O 12. Rac1 f6 13. exf6 Bxf6 14. Rfe1
g5 15. h3 Rf7 16. Ne2 h6 17. g4 Nxe3 18. Qxe3 Qd6 19. Ng3 Raf8 20. Qxe6 Qf4 21.
Qxd5 Nxd4 22. Rc3 Be5 23. Ree3 Nc6 24. Nh5 Qb4 25. Nxe5 Nxe5 26. Rxe5 Qxb2 27.
Re7 Qb1+ 28. Kh2 Qf1 29. Rxf7 Rxf7 30. Rc8+ Kh7 31. Qxf7# 1-0

[Event "1. Wittelsbacher Weihnachts-Schach-Open"]
[Site "Kelheim"]
[Date "2012.12.27"]
[Round "3.11"]
[White "Braun, Kristin"]
[Black "Kümpers, Ulrich"]
[Result "1/2-1/2"]
[WhiteElo "1836"]
[BlackElo "2066"]
[PlyCount "81"]
[EventDate "2012.??.??"]
[WhiteTeam "SC Forchheim e.V."]
[BlackTeam "SC Tarrasch 45 München"]

1. Nf3 Nf6 2. g3 g6 3. Bg2 Bg7 4. d3 d5 5. O-O c5 6. Bf4 O-O 7. Nbd2 Nc6 8. e4
Nh5 9. exd5 Nxf4 10. dxc6 Nxg2 11. Kxg2 b6 12. Rb1 Be6 13. b3 Bd5 14. Qe2 Bxc6
15. Rfe1 Bc3 16. Kg1 Re8 17. Ne5 Bb7 18. Rbd1 Qd5 19. f3 f5 20. Nec4 e5 21. a4
Rad8 22. Kf2 Qc6 23. h4 a6 24. Na3 Qf6 25. Nab1 Bd4+ 26. Kg2 f4 27. Ne4 Qe7 28.
Nbd2 Rf8 29. c3 Be3 30. Nf1 Bxe4 31. dxe4 Rxd1 32. Rxd1 Rd8 33. Rxd8+ Qxd8 34.
Nxe3 fxe3 35. Qxe3 Qd1 36. c4 Qc2+ 37. Kh3 Kf7 38. f4 Qd1 39. Kg2 Qc2+ 40. Kh3
Qd1 41. Kg2 1/2-1/2

[Event "1. Wittelsbacher Weihnachts-Schach-Open"]
[Site "Kelheim"]
[Date "2012.12.27"]
[Round "3.12"]
[White "Kues, Manuel"]
[Black "Winterholler, Christina"]
[Result "1/2-1/2"]
[WhiteElo "2002"]
[BlackElo "1880"]
[PlyCount "128"]
[EventDate "2012.??.??"]
[WhiteTeam "TSV Kareth-Lappersdorf"]
[BlackTeam "SK Ingolstadt"]

1. e4 e5 2. Nf3 Nc6 3. Bc4 Bc5 4. b4 Bb6 5. a4 a6 6. O-O Nf6 7. d3 h6 8. h3 d6
9. c3 Ne7 10. Re1 Ng6 11. d4 Bd7 12. Be3 Nh7 13. dxe5 dxe5 14. Bxb6 cxb6 15.
Qd5 Be6 16. Qxb7 Bxc4 17. Qc6+ Qd7 18. Qxc4 O-O 19. Ra2 Qe7 20. Nbd2 Nf4 21.
Qb3 Ng5 22. h4 Nxf3+ 23. Nxf3 Rfd8 24. g3 Rd3 25. Nd2 Nh5 26. Nf1 Rc8 27. Rc1
Qc7 28. Rd2 Rxc3 29. Rd8+ Qxd8 30. Rxc3 Nf6 31. Rxc8 Qxc8 32. Qd3 Qb7 33. Nd2
b5 34. axb5 Qxb5 35. Qxb5 axb5 36. f3 Kf8 37. Nb1 Ne8 38. Nc3 Nc7 39. Kf2 Ke7
40. f4 Ke6 41. f5+ Kd6 42. Kf3 Kc6 43. Kg4 Kd7 44. f6 g6 45. h5 Ke6 46. Kh4
Kxf6 47. Kg4 Ke6 48. Kh4 Kd6 49. g4 Ke6 50. Na2 Ne8 51. Nc3 Nd6 52. Nd5 Nxe4
53. Nc7+ Kd7 54. Nxb5 Kc6 55. Na7+ Kb6 56. Nc8+ Kb5 57. Ne7 gxh5 58. Kxh5 Nf2
59. Kxh6 Nxg4+ 60. Kg5 Ne3 61. Kf6 Nc4 62. Kxf7 Kxb4 63. Nc6+ Kc3 64. Nxe5
Nxe5+ 1/2-1/2

[Event "1. Wittelsbacher Weihnachts-Schach-Open"]
[Site "Kelheim"]
[Date "2012.12.27"]
[Round "3.13"]
[White "Swierzy, David"]
[Black "Seifert, Werner"]
[Result "0-1"]
[WhiteElo "1391"]
[BlackElo "2000"]
[PlyCount "112"]
[EventDate "2012.??.??"]
[WhiteTeam "SC Straubing"]
[BlackTeam "SAbt SV Weiss-BL.Allianz"]

1. e4 e6 2. d4 d5 3. e5 c5 4. c3 Nc6 5. Nf3 Qb6 6. a3 c4 7. Be2 f6 8. exf6 Nxf6
9. Nbd2 Bd6 10. b3 cxb3 11. Qxb3 Qxb3 12. Nxb3 O-O 13. O-O Bd7 14. Bd3 e5 15.
dxe5 Nxe5 16. Nxe5 Bxe5 17. Nd4 Rac8 18. Bd2 Rfe8 19. Rfc1 Ne4 20. Bxe4 dxe4
21. Be3 Rc4 22. Rab1 b6 23. Rb4 Rec8 24. Rxc4 Rxc4 25. Ne2 Ra4 26. c4 Rxa3 27.
c5 bxc5 28. Rxc5 Ra1+ 29. Rc1 Rxc1+ 30. Bxc1 Kf7 31. Ng3 Bc6 32. Kf1 Ke6 33.
Ke2 Bd4 34. Ba3 g6 35. Ke1 Kd5 36. Ne2 Bc5 37. Nc3+ Kc4 38. Bxc5 Kxc5 39. Kd2
Kc4 40. Kc2 a5 41. Ne2 g5 42. Nc3 h6 43. Na2 Ba4+ 44. Kd2 Kb3 45. Nc1+ Kb2 46.
Ne2 Bc6 47. Nc3 a4 48. Nxa4+ Bxa4 49. Ke3 Bc6 50. f3 exf3 51. gxf3 Kc3 52. f4
gxf4+ 53. Kxf4 Kd4 54. Kf5 Be4+ 55. Kf6 Ke3 56. h3 Kf4 0-1

[Event "1. Wittelsbacher Weihnachts-Schach-Open"]
[Site "Kelheim"]
[Date "2012.12.27"]
[Round "3.14"]
[White "Beilschmidt, Eva"]
[Black "Braun, Thomas"]
[Result "0-1"]
[WhiteElo "1716"]
[BlackElo "2162"]
[PlyCount "54"]
[EventDate "2012.??.??"]
[WhiteTeam "SK Kelheim 1920"]
[BlackTeam "FC Bayern München e.V."]

1. e4 e6 2. Nf3 d5 3. exd5 exd5 4. d4 Bd6 5. Bd3 Ne7 6. O-O O-O 7. Bg5 f6 8.
Bh4 Nf5 9. c3 Nc6 10. Nbd2 Be6 11. Re1 Qd7 12. Qc2 g6 13. Re2 Rae8 14. Rae1
Nxh4 15. Nxh4 Bf7 16. Nb3 Qg4 17. Nf3 Qh5 18. Nc5 Bxc5 19. dxc5 Ne5 20. Nxe5
fxe5 21. Qa4 e4 22. Bc2 Be6 23. Bb3 c6 24. Qxa7 Bg4 25. Re3 Bf3 26. Qxb7 Qg4
27. Bxd5+ Kh8 0-1

[Event "1. Wittelsbacher Weihnachts-Schach-Open"]
[Site "Kelheim"]
[Date "2012.12.27"]
[Round "3.15"]
[White "Hessler, Markus"]
[Black "Schindler, Gernot"]
[Result "0-1"]
[WhiteElo "1762"]
[BlackElo "2023"]
[PlyCount "121"]
[EventDate "2012.??.??"]
[WhiteTeam "SF Roding"]
[BlackTeam "SK Kelheim 1920"]

1. e4 c6 2. d4 d5 3. exd5 cxd5 4. Bd3 Nc6 5. c3 Nf6 6. Bf4 Bg4 7. Qb3 Qc8 8.
Nd2 e6 9. Ngf3 Be7 10. h3 Bh5 11. O-O O-O 12. Rae1 Bg6 13. Bxg6 hxg6 14. Re2 a6
15. Rfe1 b5 16. Ne5 Nxe5 17. Bxe5 Nd7 18. Nf3 Qc4 19. Nd2 Qc6 20. Nf3 Bf6 21.
Bf4 Rfc8 22. Rc1 Qc4 23. Ree1 a5 24. Nd2 Qc6 25. Nf3 Ra7 26. Nd2 Nb6 27. Nf3
Nc4 28. Ra1 Rb7 29. Qc2 b4 30. cxb4 Rxb4 31. b3 Ne5 32. Qxc6 Nxf3+ 33. gxf3
Rxc6 34. Be5 Bg5 35. f4 Bd8 36. Rac1 Rbb6 37. Rxc6 Rxc6 38. Bb8 Bb6 39. Re2 Kf8
40. Rd2 Ke7 41. f5 gxf5 42. Bf4 f6 43. Kg2 g5 44. Bh2 f4 45. h4 Kf7 46. f3 Rc1
47. Kh3 Kg6 48. hxg5 fxg5 49. Kg4 Rc8 50. Kh3 Kf5 51. Kg2 Rc1 52. Kh3 Rc3 53.
Kg2 g4 54. fxg4+ Kxg4 55. Kf1 Rf3+ 56. Kg2 Re3 57. Bg1 Rg3+ 58. Kf1 e5 59. Rg2
e4 60. a3 Rxg2 61. Kxg2 0-1

[Event "1. Wittelsbacher Weihnachts-Schach-Open"]
[Site "Kelheim"]
[Date "2012.12.27"]
[Round "3.16"]
[White "Seitner, Ralf"]
[Black "Schmitz, Marc"]
[Result "1/2-1/2"]
[WhiteElo "1877"]
[BlackElo "1674"]
[PlyCount "46"]
[EventDate "2012.??.??"]
[WhiteTeam "SK Neumarkt e.V."]
[BlackTeam "SV Saal/Donau e.V.SAbt"]

1. d4 d6 2. c4 e5 3. Nf3 Nd7 4. Nc3 Ngf6 5. Bg5 Be7 6. e3 c6 7. Qc2 O-O 8. Be2
Re8 9. O-O Qc7 10. h3 Nf8 11. c5 dxc5 12. dxe5 Nd5 13. Nxd5 cxd5 14. Bf4 Ne6
15. Bh2 Bd7 16. Nd2 d4 17. Bd3 h6 18. f4 dxe3 19. Nf3 Qb6 20. Qe2 Nd4 21. Nxd4
cxd4 22. f5 f6 23. e6 Bc6 1/2-1/2